000
00294nam a2200121Ia 4500
008
190216s9999||||xx |||||||||||||| ||und||
100
_a
Bhabatosh Banerjee
245
0
_a
Financial Policy And Management Accounting
260
_b
Prentice Hall
300
_a
830
650
_a
Commerce
942
_c
BK
999
_c
7190
_d
7190